00299nam a2200109Ia 4500008004100000245007100041260003200112260000900144300001000153500001300163650001300176170224s9999 xx 000 0 und d aWaiting Until 39 Weeks’ Gestation Does Not Raise Stillbirth Risk bAmerican Journal of Nursing c2016 a116:2 aFebruary xNursing.